Imiona królów i królewn angielskich - Statystyki

Ogólne statystyki
  • Ten quiz został rozwiązany 353 razy
    188 od ostatniego zresetowania
  • Średni wynik to 9 z 13
Statystyki odpowiedzi
# Imiona % Poprawnych
2 Elżbieta
97%
3 Karol
95%
6 Jerzy
85%
8 Henryk
78%
1 Wiktoria
73%
1 Jan
69%
8 Edward
68%
1 Anna
65%
2 Maria
65%
4 Wilhelm
61%
3 Ryszard
54%
2 Jakub
49%
1 Stefan
17%
Nie znaleziono quizów pasujących do podanych kryteriów
Rozkład punktacji
Procent ludzi z każdym wynikiem
Percentyl według liczby udzielonych odpowiedzi
Twoja historia wyników
Nie rozwiązałeś tego quizu od ostatniego zresetowania